| 000 | 01074pam a2200337 i 4500 | ||
|---|---|---|---|
| 999 |
_c7725 _d7725 |
||
| 001 | 7725 | ||
| 003 | BD - JhCC | ||
| 005 | 20181007085002.0 | ||
| 008 | 750401s1976 nyu b 001 0 eng | ||
| 020 |
_a0070303304 : _c12.95 |
||
| 035 | _a(BD - JhCC)7725 | ||
| 035 | _a(OCoLC)01322932 | ||
| 035 | _aGLIS00029036 | ||
| 040 |
_aDLC _cDLC _dMYG _dBD - JhCC |
||
| 041 | _aeng | ||
| 082 |
_bHOP 1976 _a371.425 |
||
| 090 |
_aHF5381 _b.H798 1976 |
||
| 099 | _aHF5381.H798 1976 | ||
| 100 | 1 |
_aHoppock, Robert, _d1901-1995. |
|
| 245 | 1 | 0 |
_aOccupational information : _bwhere to get it and how to use it in career education, career counseling, and career development / _cRobert Hoppock. |
| 250 | _a4th ed. | ||
| 260 |
_aNew York : _bMcGraw-Hill, _c[1976] |
||
| 300 |
_axi, 383 p. ; _c24 cm. |
||
| 500 | _aIncludes indexes. | ||
| 504 | _aBibliography: p. 351-369. | ||
| 650 | 0 | _aVocational guidance. | |
| 650 | 0 | _aGroup guidance in education. | |
| 650 | 0 |
_aVocational guidance _xData processing. |
|
| 942 |
_2ddc _cBK |
||